Structure of six farm input industries: (Record no. 12390)

MARC details
000 -LEADER
fixed length control field 01139cam a2200265 4500
001 - CONTROL NUMBER
control field agr68000081
003 - CONTROL NUMBER IDENTIFIER
control field DLC
005 - DATE AND TIME OF LATEST TRANSACTION
control field 20260227111029.0
008 - FIXED-LENGTH DATA ELEMENTS--GENERAL INFORMATION
fixed length control field 690512s1968 dcua b 000 0 eng c
010 ## - LIBRARY OF CONGRESS CONTROL NUMBER
LC control number agr68000081
040 ## - CATALOGING SOURCE
Original cataloging agency U.S. Nat'l Agr. Libr.
Transcribing agency DLC
Modifying agency DLC
050 00 - LIBRARY OF CONGRESS CALL NUMBER
Classification number HD9475.U52
Item number A5
070 0# - NATIONAL AGRICULTURAL LIBRARY CALL NUMBER
Classification number A281.9 Ag83E no. 357
082 00 - DEWEY DECIMAL CLASSIFICATION NUMBER
Classification number 338.1/0973
110 1# - MAIN ENTRY--CORPORATE NAME
Corporate name or jurisdiction name as entry element United States.
Subordinate unit Department of Agriculture.
-- Economic Research Service.
-- Farm Production Economics Division.
245 10 - TITLE STATEMENT
Title Structure of six farm input industries:
Remainder of title petroleum, farm machinery and equipment, fertilizers, chemical pesticides, livestock feeds, farm credit.
260 ## - PUBLICATION, DISTRIBUTION, ETC.
Place of publication, distribution, etc. [Washington]
Name of publisher, distributor, etc. U.S. Dept. of Agriculture, Economic Research Service
Date of publication, distribution, etc. [1968]
300 ## - PHYSICAL DESCRIPTION
Extent iv, 75 p.
Other physical details illus.
Dimensions 27 cm.
490 1# - SERIES STATEMENT
Series statement [United States. Dept. of Agriculture. Economic Research Service] ERS
Volume/sequential designation 357
500 ## - GENERAL NOTE
General note Cover title.
504 ## - BIBLIOGRAPHY, ETC. NOTE
Bibliography, etc. note Includes bibliographies.
650 #0 - SUBJECT ADDED ENTRY--TOPICAL TERM
Topical term or geographic name entry element Farm supply industries
Geographic subdivision United States.
650 #3 - SUBJECT ADDED ENTRY--TOPICAL TERM
Topical term or geographic name entry element Agricultural industries
Geographic subdivision United States.
810 10 - SERIES ADDED ENTRY--CORPORATE NAME
Corporate name or jurisdiction name as entry element [United States.
Subordinate unit Department of Agriculture.
-- Economic Research Service]
Title of a work ERS
Volume/sequential designation 357.

No items available.

Powered by Koha